000 00701nam a22002531 4500
001 20658
003 BD-RjUL
005 20211209000608.0
008 140301r19471946enk 000 1 eng
035 _a(BD-RjUL)20720
035 _a(OCoLC)3349227
040 _aDLC
_cGStG
_dBD-RjUL
_beng
041 _aeng
082 0 4 _a823.008
_bDOS 1947
100 1 _aDouglas, Norman
_d1868-1952.
_963743
245 1 0 _aSouth wind /
_cNorman Douglas.
250 _aRev & re-set ed.
260 _aLondon :
_bSecker & Warburg,
_c1946 [reprint 1947].
300 _aviii, 422 p. ;
_c19 cm.
650 _aEnglish fiction
_963744
942 _2ddc
_cBK
999 _c20658
_d20658